00428 a2200109 4500001001000000005001700010008004100027245013500068100002100203773007700224999001700301ART_1374720260410161910.0260409a 10aEl enfoque de recursos humanos para la planificación de la fuerza de trabajo, la educación y la distribución de los ingresos1 aCorrea, Héctor0 tDemografía y economíag- Vol. XIV, Nº 41 (ene./mar. 1980)wREV13200 c26749d26749